LANCILLOTTO E GINEVRA (Record n. 106688)
[ formato base ]
| 000 -LEADER | |
|---|---|
| fixed length control field | 01981agaaa2200337 4500 |
| 001 - CONTROL NUMBER | |
| control field | 7468 |
| 003 - CONTROL NUMBER IDENTIFIER | |
| control field | IT-RoPAU |
| 005 - DATE AND TIME OF LATEST TRANSACTION | |
| control field | 20220918181249.0 |
| 007 - PHYSICAL DESCRIPTION FIXED FIELD--GENERAL INFORMATION | |
| fixed length control field | d cvaizq |
| 008 - FIXED-LENGTH DATA ELEMENTS--GENERAL INFORMATION | |
| fixed length control field | 50131s9999||||xx ||| | || ||und|| |
| 040 ## - CATALOGING SOURCE | |
| Original cataloging agency | IT-RoPAU |
| Transcribing agency | IT-RoPAU |
| 041 ## - LANGUAGE CODE | |
| Language code of text/sound track or separate title | ITALIANO |
| 100 ## - MAIN ENTRY--PERSONAL NAME | |
| Personal name | Bresson Robert |
| Miscellaneous information | Codice regista SPICS: 8815 |
| 9 (RLIN) | 48206 |
| 130 ## - MAIN ENTRY--UNIFORM TITLE | |
| Uniform title | LANCILLOTTO E GINEVRA |
| 9 (RLIN) | 48207 |
| 240 ## - UNIFORM TITLE | |
| Uniform title | LANCELOT DU LAC |
| Miscellaneous information | T1215 |
| 245 ## - TITLE STATEMENT | |
| Title | LANCILLOTTO E GINEVRA |
| Statement of responsibility, etc. | Prodotto da: Yanne J. Rassam J.P. -- Sceneggiatura: Bresson Robert -- Diretto da: Bresson Robert |
| Name of part/section of a work | LANCILLOTTO E GINEVRA (Rif. Codice opera principale : H7468) |
| 246 ## - VARYING FORM OF TITLE | |
| Title proper/short title | LANCELOT DU LAC |
| 250 ## - EDITION STATEMENT | |
| Edition statement | Edizione Standard |
| 260 ## - PUBLICATION, DISTRIBUTION, ETC. (IMPRINT) | |
| Place of publication, distribution, etc. | PARIGI (FRANCIA) |
| Name of publisher, distributor, etc. | MARA FILM - LASER P. - ORTF - GERICO S / Distribuzione: MULTIMEDIA SAN PAOLO |
| Date of manufacture | "1974 (1° ed.: 2007 ; Ed. Lingua Orig.: 1074)" |
| 300 ## - PHYSICAL DESCRIPTION | |
| Extent | DVD |
| Other physical details | sonoro, col. |
| Dimensions | 80 minuti |
| 508 ## - CREATION/PRODUCTION CREDITS NOTE | |
| Creation/production credits note | "Fotografia: De Santis Pasqualino; Montaggio: Lamy Germaine; Musica: Sarde Philippe; Sceneggiatura: Bresson Robert; Scenografia: Charbonnier Pierre; " |
| 511 ## - PARTICIPANT OR PERFORMER NOTE | |
| Participant or performer note | "Simon Luc; Duke; Condominas Lara; De; Montalembert Arthur; Bernhard Patrick; Balsam Ch" |
| 520 ## - SUMMARY, ETC. | |
| Summary, etc. | "TORNATO SENZA IL GRAAL, LANCILLOTTO VUOLE RAPIRE GINEVRA DI CUI SI E' INVAGHITO. COSI' FACENDO SI METTE CONTRO I SUOI VECCHI COMPAGNI D'ARME... QUESTO FILM E' UNA VERA METAFORA DELL'INFELICITA' DELL'UOMO CHE A CAUSA DEI SUOIPECCATI HA PERDUTO LA GRAZIA. PREMIO FIPRESCI AL FESTIVAL DI CANNES 1974. CONTRIBUTI EXTRA: ROBERT BRESSON DI PINO FARINOTTI; BIOGRAFIA E FILMOGRAFIAESSENZIALE DEL REGISTA; SCHEDA CRITICA DI E.G. FAVA." |
| 538 ## - SYSTEM DETAILS NOTE | |
| System details note | PAL, STEREO |
| 546 ## - LANGUAGE NOTE | |
| Language note | ITALIANO |
| 650 ## - SUBJECT ADDED ENTRY--TOPICAL TERM | |
| Topical term or geographic name as entry element | DRAMMATICO |
| Relator term | DVD-FILM [DVD] |
| General subdivision | Codice MATERIA SPICS: 9947 |
| 9 (RLIN) | 48208 |
| 700 ## - ADDED ENTRY--PERSONAL NAME | |
| Personal name | Bresson Robert |
| Relator term | (regista) |
| Miscellaneous information | Codice regista SPICS: 8815 |
| 9 (RLIN) | 48209 |
| 700 ## - ADDED ENTRY--PERSONAL NAME | |
| Personal name | Malory Thomas |
| Relator term | (soggetto) |
| Miscellaneous information | Codice Soggetto SPICS: 38643 |
| 9 (RLIN) | 48210 |
| 700 ## - ADDED ENTRY--PERSONAL NAME | |
| Personal name | Sarde Philippe |
| Relator term | (musica) |
| Miscellaneous information | Codice Musica SPICS: 11145 |
| 9 (RLIN) | 48211 |
| 942 ## - ADDED ENTRY ELEMENTS (KOHA) | |
| Koha item type | DVD |
| Source of classification or shelving scheme | Dewey Decimal Classification |
| Withdrawn status | Lost status | Damaged status | Not for loan | Home library | Current library | Date acquired | Total Checkouts | Full call number | Date last seen | Price effective from | Koha item type | Public note |
|---|---|---|---|---|---|---|---|---|---|---|---|---|
| Buone Condizioni | Not For Loan | SPICS-MEDIATECA | SPICS-MEDIATECA | 31/01/2015 | H7468 | 31/01/2015 | 31/01/2015 | DVD | Progr. Ins.: 3584 / N.Vol.:1 / Copie: 1 / Pag.:0 / Copia rara: n.d. / date import: 1.2.2015 / By Epidotti, Trombetti, Vaglietti |